De la Terre à la rue - Zoom progressif avec carte n°3 - Statistiques

Statistiques générales
  • Ce quiz a été pris 1 187 fois
  • Le résultat moyen est 5 sur 9
Réponses sur la Carte
Les réponses sont colorées sur une échelle allant du rouge au vert en fonction du pourcentage des utilisateurs qui les ont devinées à leur premier essai. Vous pouvez retrouver ces pourcentages ci-dessous.
 
Statistiques - réponses
Echelles Réponses % Correct
Planète Terre
100%
Continent Asie
99%
Pays Japon
99%
Ile Honshu
45%
Ville Tokyo
42%
Préfecture Tokyo
33%
Région Kantō
20%
Arrondissement Shibuya
15%
Carrefour Hachikō
11%
Aucun quiz correspondant
Distribution des résultats
% des personnes avec chaque résultat
Percentile par nombre de réponses
Votre historique - résultats
Vous n’avez pas pris ce quiz